000 00434nam a2200193Ia 4500
005 20250603145908.0
008 250603s9999 xx 000 0 und d
020 _a9780582894266
050 _aK 120 .C9/
100 _aCurzon, L. B.
245 4 _aThe Longman dictionary of law
250 _a7th ed.
260 _aHarlow
260 _bPearson/Longman
260 _c2007
300 _a631 p
650 _aHarlow
942 _cBK
999 _c43171
_d43171